000
00334nam a2200145Ia 4500
100
_a
Muvdi/B.B/ McNabb/J.W
942
_c
RB
654
_a
Mechanics Of Materials
245
_a
Engg.Mechanics Of Materials
260
_b
Mac Millian
_a
New York
_c
1984
082
_a
620.1
_b
Muv/Mcn
300
_a
693
546
_a
ENGLISH
999
_c
33722
_d
33722